| 000 | 00429nam a2200157Ia 4500 | ||
|---|---|---|---|
| 008 | 240729s9999 xx 000 0 und d | ||
| 022 | _a2528-9691 | ||
| 245 | 0 | _aTrakya University Journal of Natural Sciences | |
| 260 | _aTürkiye | ||
| 260 | _bTrakya University | ||
| 650 | _a Science (General) | ||
| 650 | _aScience | ||
| 856 | _uhttps://doaj.org/toc/9354ffdea6584a189e6e8cd1e85ed521 | ||
| 942 | _2ddc | ||
| 942 | _cDOAJEJ | ||
| 999 |
_c68925 _d68925 |
||
| 945 |
_a1 _bMadushi Gamage _c1 _dMadushi Gamage |
||